Paesi per Immagine #4 - Statistics

Statistiche generali
  • Questo quiz è stato fatto 94 volte
  • Il punteggio medio è 7 su 15
Statistiche sulle risposte
con Immagini Risposta % Corretto
Grecia
99%
Italia
99%
Corea del Nord
93%
Cina
66%
Nepal
60%
Marocco
57%
Belgio
40%
Portogallo
40%
Birmania
37%
Messico
37%
Sudan
32%
Monaco
21%
Mali
16%
Pakistan
12%
Sri Lanka
10%
Nessun quiz corrispondente trovato
Distribuzione punteggi
Percentuale di utenti per punteggio
Percentile per numero di risposta
I tuoi punteggi nel tempo
Non hai fatto questo quiz